000 00288nam a22001337a 4500
008 170622b xxu||||| |||| 00| 0 eng d
020 _a0674001563
041 _aeng
080 _a32
100 _a21
101 _aSHP
245 _aTRANSITIONAL CITIZENS
_cCOLTON,T.J
942 _2udc
_cBK
999 _c18839
_d18839